[Event "Ivy League Challenge 5th"]
[Site "Toronto"]
[Date "2023.03.26"]
[Round "5"]
[White "Li, William"]
[Black "Moon, Ethan"]
[Result "1-0"]
[WhiteElo "2106"]
[BlackElo "1698"]
[PlyCount "92"]
[EventDate "2023.03.24"]
[EventType "team-tourn"]
[EventRounds "5"]
[EventCountry "CAN"]
[SourceTitle "CBM 213 Extra"]
[Source "ChessBase"]
[SourceDate "2023.05.31"]
[SourceVersion "1"]
[SourceVersionDate "2023.05.31"]
[SourceQuality "1"]
[WhiteTeam "Waterloo Univ"]
[BlackTeam "Toronto Univ II"]
[WhiteTeamCountry "CAN"]
[BlackTeamCountry "CAN"]

1. e4 e5 2. Ke2 Ke7 3. Ke1 Ke8 4. Nf3 Nc6 5. Bb5 a6 6. Ba4 b5 7. Bb3 d6 8. c3 Na5 9. Bc2 c5 10. d4 Qc7 11. dxe5 dxe5 12. Qd5 Ra7 13. Qxe5+ Qxe5 14. Nxe5 Re7 15. f4 f6 16. Nf3 Bb7 17. Nbd2 Bxe4 18. Bxe4 f5 19. Ne5 fxe4 20. Nxe4 Nc4 21. Kd1 Nxe5 22. Nd6+ Kd7 23. fxe5 Nh6 24. Re1 Re6 25. Bf4 Bxd6 26. exd6 Rhe8 27. Rxe6 Rxe6 28. a4 Rf6 29. g3 g5 30. Bd2 Rf1+ 31. Be1 b4 32. cxb4 cxb4 33. Rc1 Kxd6 34. Ke2 Rf5 35. Bxb4+ Kd7 36. Rc5 Rxc5 37. Bxc5 Kc6 38. Be7 g4 39. Kd3 Nf5 40. Bf6 Kd5 41. b4 Nd6 42. Bc3 Nc4 43. b5 axb5 44. axb5 Kc5 45. b6 Nd6 46. Be5 Kd5 1-0